000 00394nam a2200145 i 4500
001 bg
100 1 _aKNICYNA, L. A.
245 0 _aPrimenenie UF-, JK-, i JAMR- spektroskopii v organiceskoj chimii /
_cL.A.Kunicyna, N.B.Kupletskaja.
260 _aMoskva,
_c1971.
700 1 _aKUPLETSKAJA, N. B.
040 _cBPK
041 _apol
942 _cKS
008 s pl f |000 0 pol
999 _c14080
_d14080
856 _uhttp://koha.tu.koszalin.pl/cgi-bin/koha/opac-detail.pl?biblionumber=14080
_yKatalog online BPK